01294 a2200205 4500003000500000005001700005010001700022020002600039040000900065082001700074100002500091245009200116260006800208300005800276505062600334650004200960650003401002651002201036700003001058Nust20220812113805.0 a 2009051049 a9780470758625 (cloth) cNust00a621.3813,SOR1 aSorrentino, Roberto.10aMicrowave and RF engineering / (Include CD) cRoberto Sorrentino, Giovanni Bianchi. aChichester, West Sussex, U.K. ;aHoboken, N.J. :bWiley,c2010. axix, 892 p. :bill. ;c27 cm. +e1 CD-ROM (4 3/4 in.) aIntroduction (Page -1), Basic Electromagnetic Theory (Page–9), Guided EM Propagation (Page-39), Microwave Circuits (Page-91), Resonators and Cavities (Page-131), Impedance Matching (Page-163), Passive Microwave Components (Page-187), Microwave Filters (Page-237), Basic Concepts for Microwave Component Design (Page-289), Microwave Control Components (Page-363), Amplifiers (Page-415), Oscillators (Page-503), Frequency Converters (Page-561), Microwave Circuit Technology (Page-633), RF and Microwave Architectures (Page-659), Numerical Methods and CAD (Page-757), Measurement Instrumentation and Techniques (Page-795). 0aRadioxTransmitters and transmission. 0aTelecommunication Engineering a(Include CD) 1 aBianchi, Giovanni,d1963-